[Event "TUR-chT"]
[Site "Kocaeli"]
[Date "2015.08.13"]
[Round "11.5"]
[White "Dogan, Nazmi Can"]
[Black "Erkan, Basar"]
[Result "1-0"]
[WhiteElo "2213"]
[BlackElo "1668"]
[PlyCount "71"]
[EventDate "2015.08.04"]
[EventType "team-tourn"]
[EventRounds "13"]
[EventCountry "TUR"]
[SourceTitle "CBM 167 Extra"]
[Source "ChessBase"]
[SourceDate "2015.09.14"]
[SourceVersion "1"]
[SourceVersionDate "2015.09.14"]
[SourceQuality "1"]
[WhiteTeam "Akdeniz Belediyesi"]
[BlackTeam "Pamukkale Yonetimi"]
[WhiteTeamCountry "TUR"]
[BlackTeamCountry "TUR"]

1. Nf3 f5 2. g3 Nf6 3. Bg2 g6 4. 0-0 Bg7 5. d4 0-0 6. c4 e6 7. Nc3 d6 8. b3 Nbd7 9. Bb2 Ne4 10. Qc2 Nxc3 11. Bxc3 Nf6 12. Nd2 d5 13. Rad1 Ne4 14. Nxe4 fxe4 15. f3 exf3 16. Bxf3 c6 17. e4 Bh6 18. Qg2 dxc4 19. bxc4 Bg7 20. e5 Bd7 21. Rb1 Qc7 22. Bb4 Rf7 23. Bd6 Qc8 24. h4 Bf8 25. c5 Bxd6 26. cxd6 Rb8 27. Be4 Qf8 28. Qd2 Rxf1+ 29. Rxf1 Qg7 30. Qg5 Rf8 31. Rxf8+ Qxf8 32. h5 Be8 33. hxg6 hxg6 34. Bxg6 Qg7 35. d7 Bxd7 36. Qd8+ 1-0

[Event "TUR-chT"]
[Site "Kocaeli"]
[Date "2015.08.12"]
[Round "10.3"]
[White "Erkan, Basar"]
[Black "Citak, Selim"]
[Result "1/2-1/2"]
[WhiteElo "1668"]
[BlackElo "2327"]
[PlyCount "82"]
[EventDate "2015.08.04"]
[EventType "team-tourn"]
[EventRounds "13"]
[EventCountry "TUR"]
[SourceTitle "CBM 167 Extra"]
[Source "ChessBase"]
[SourceDate "2015.09.14"]
[SourceVersion "1"]
[SourceVersionDate "2015.09.14"]
[SourceQuality "1"]
[WhiteTeam "Pamukkale Yonetimi"]
[BlackTeam "Deniz Su Aquamatch"]
[WhiteTeamCountry "TUR"]
[BlackTeamCountry "TUR"]

1. d4 d5 2. Nf3 Bg4 3. Ne5 Bh5 4. g4 Bg6 5. Nxg6 hxg6 6. Bf4 Nf6 7. e3 e6 8. Bg2 Bd6 9. Qf3 Ne4 10. Nc3 Bb4 11. 0-0 Bxc3 12. bxc3 Nd2 13. Qg3 Nxf1 14. Rxf1 Qh4 15. Qf3 0-0 16. Bg3 Qe7 17. c4 Rd8 18. h4 c6 19. c5 b6 20. c3 bxc5 21. h5 Nd7 22. hxg6 fxg6 23. g5 Rf8 24. Qg4 e5 25. Bh3 Rf7 26. Rb1 Rb8 27. Rxb8+ Nxb8 28. dxe5 Rf5 29. e6 d4 30. cxd4 c4 31. Qh4 c3 32. Bxf5 gxf5 33. Qf4 Na6 34. Qxf5 Nb4 35. Bf4 c2 36. e4 Qf8 37. Qg4 Nd3 38. e7 Qxe7 39. Qc8+ Qf8 40. Qe6+ Qf7 41. Qc8+ Kh7 1/2-1/2

[Event "TUR-chT"]
[Site "Kocaeli"]
[Date "2015.08.11"]
[Round "8.4"]
[White "Albay, Koraycan"]
[Black "Erkan, Basar"]
[Result "1-0"]
[WhiteElo "1864"]
[BlackElo "1668"]
[PlyCount "81"]
[EventDate "2015.08.04"]
[EventType "team-tourn"]
[EventRounds "13"]
[EventCountry "TUR"]
[SourceTitle "CBM 167 Extra"]
[Source "ChessBase"]
[SourceDate "2015.09.14"]
[SourceVersion "1"]
[SourceVersionDate "2015.09.14"]
[SourceQuality "1"]
[WhiteTeam "Kocaeli Buyuksehir"]
[BlackTeam "Pamukkale Yonetimi"]
[WhiteTeamCountry "TUR"]
[BlackTeamCountry "TUR"]

1. d4 d5 2. c4 e5 3. dxe5 d4 4. Nf3 Nc6 5. g3 Bf5 6. a3 a5 7. Nbd2 a4 8. Bg2 Bc5 9. 0-0 Nge7 10. b4 axb3 11. Nxb3 Ba7 12. Bb2 d3 13. e3 Bg4 14. Bd4 Bxd4 15. exd4 Bxf3 16. Qxf3 Nxd4 17. Qxd3 Nxb3 18. Qf3 Nd4 19. Qd3 Nb3 20. Qxb3 Rb8 21. Rfd1 Qc8 22. Qb4 c6 23. Rd2 Qe6 24. Rd6 Qf5 25. Bxc6+ Nxc6 26. Rxc6 Qd7 27. Rd6 Qc7 28. Qb5+ Ke7 29. Rad1 Rhd8 30. Qd5 Rbc8 31. Rxd8 Rxd8 32. Qxd8+ Qxd8 33. Rxd8 Kxd8 34. f4 Kd7 35. Kf2 Kc6 36. Ke3 Kc5 37. Kd3 b5 38. cxb5 Kxb5 39. f5 Kc5 40. Ke4 g6 41. g4 1-0